000 00854nam a22002537a 4500
005 20170124105926.0
010 _aA-997017
020 _c350.00
_a8186803580
035 _aA-997017
037 _bCen Lib/Ret
040 _aDPL
_bEN
082 _a305.562
100 _aJatava, D. R.
_96706
245 _aPolitics of B.R. Ambedkar in national movement /
_cby D. R. Jatava
260 _aJaipur
_bNational Publishing House
_c2000
270 _a337, Choura Rasta
_bJaipur
_e302003
300 _ax,213p.
_c21cm(Hb)
500 _aIncludes bibliographical references and index
650 _aPolitical aspects
_96707
650 _aPolitical renaissance
_96708
650 _aराजनीतिक पहलुओं
_91483
650 _aराजनीतिक पुनर्जागरण
_96709
942 _2ddc
_cEN
_h305.562
_mJAT
999 _c123533
_d123533